| 000 | 00569nam a22001935i 4500 | ||
|---|---|---|---|
| 001 | 178527 | ||
| 003 | ES-MaACL | ||
| 005 | 20240209063124.0 | ||
| 008 | 110606s1988 sp |||| | spa d | ||
| 020 | _a84-7279-351-6 | ||
| 080 | _a821.134.2-31"19" | ||
| 100 | 1 |
_aFalcón, Lidia, _d1935- _948707 |
|
| 245 | 1 | 0 |
_aRupturas / _cLidia Falcón. |
| 250 | _a1ª ed. | ||
| 260 |
_aBarcelona : _bHogar del Libro, _c1988. |
||
| 300 |
_a304 p. ; _c21 cm. |
||
| 852 |
_aES-MaACL _jE-15293 _z.- Dedicatoria y firma autógrafa de la autora |
||
| 999 |
_c178527 _d178527 |
||